| 000 | 01756cam a22003131i 4500 | ||
|---|---|---|---|
| 003 | SA-RiAUC | ||
| 005 | 20250420124707.0 | ||
| 008 | 250420s1975 le g 00000 ara c | ||
| 040 |
_aSA-RiAUC _bara _cSA-RiAUC _erda |
||
| 082 | 0 | 4 |
_a226.2 _qSA-RiAUC |
| 090 |
_a226.2 _bش ا ف |
||
| 100 | 1 |
_a الشافعي، محمد بن إدريس بن العباس، _d150-204 هجري _eمؤلف. |
|
| 245 | 1 | 0 |
_aأحكام القرآن / _cأبو عبد الله محمد بن إدريس الشافعي ؛ جمعه أبي بكر أحمد بن الحسين بن علي بن عبد الله بن موسى البيهقي النيسابوري ؛ عرف الكتاب وكتب مقدمته محمد زاهد بن الحسن الكوثري ؛ كتب هوامشه عبد الغني عبد الخالق. |
| 250 | _aالطبعة الأولى. | ||
| 264 | 1 |
_aبيروت : _bدار الكتب العلمية، _c1975 |
|
| 300 |
_a1 مجلد (318 ؛ 245 صفحة) ؛ _c24 سم |
||
| 336 |
_aنص _btxt _2rdacontent _3كتاب |
||
| 337 |
_aبدون وسيط _bn _2rdamedia |
||
| 338 |
_aمجلد _bnc _2rdacarrier |
||
| 500 | _a2 مجلد ببليوجرافي في 1 مجلد مادي. | ||
| 630 | 2 | 7 |
_aالقرآن _xأحكام _2aucut |
| 700 | 1 |
_aالكوثري، محمد زاهد بن الحسن، _d1879-1952 _eمقدم. |
|
| 700 | 1 |
_aعبد الخالق، عبد الغني محمد، _d1908-1983 _eمعلق. |
|
| 700 | 1 |
_aالبيهقي، أحمد بن الحسين بن علي، _d384-458 هجري _eجامع. |
|
| 700 | 1 | 2 |
_iتقديم لـ (عمل) : _aالإمام الشافعي، محمد بن إدريس بن العباس، _d150-204 هجري. _tأحكام القرآن |
| 730 | 2 | 2 | _aالقرآن |
| 942 |
_2ddc _cBOOK |
||
| 949 |
_aSA-JeALM _d250420 _ukhaled123 _n1 |
||
| 999 |
_c7221 _d7221 |
||